000 01097cas a2200313 a 4500
999 _c2897
_d2897
003 ALUPE UNIVERSITY
005 20210726064322.0
008 920610c19889999mouar p 0 a0eng
020 _a 0323003079
020 _a9780323003070
040 _cALUPE UNIVERSITY
050 _aRM301
_b.S12 1999
090 _aRM138 .S59
100 _a Skidmore-Roth, Linda
245 0 0 _aMosby's nursing drug reference.
260 _aSt. Louis :
_bMosby,
_cc1988-
300 _av. ;
_c21 cm +
_e1 CD-ROM (3 1/8 in.) + computer optical discs (3 in.)
500 _aVols. for 1989- include date in title: Mosby's ... nursing drug reference.
500 _aEdited by: Linda Skidmore-Roth.
500 _aPublished by: Mosby-Year Book, 1991-
515 _aVol. for 1988 lacks chronologic designation.
650 0 _aDrugs
_xAdministration
_vHandbooks, manuals, etc.
650 0 _aNursing
_vHandbooks, manuals, etc.
700 1 _aSkidmore-Roth, Linda.
907 _a.b17280126
930 _lHEALTH SCIENCES-1ST FLOOR
_dRM138 .S59
_gNot currently received
942 _2lcc
_cBK
_nJO